000 01027nam a22002657a 4500
005 20090505110443.0
008 090505t xxu||||| |||| 00| 0 eng d
010 _aENG-93436
020 _a8188683302
_c650.00
020 _a9788188683307
_c650.00
035 _aEN-76969
037 _bDBAD / PUB
040 _adpl
_bEnglish
082 _a305.43320954
100 _aVats, Poonam
245 _aPolitical participation and attitudinal transformation of rural women /
_cby Poonam Vats
260 _aDelhi
_bAbhijeet Publications
_c2004
270 _a2/46 Tukhmeerpur Extension
_bDelhi
_e110094
300 _avi, 304p.
_c22cm (Hb)
500 _aIncludes bibliographical references and index
650 _aWomen
_xSocial conditions
_zIndia
650 _aWomen in development.
942 _2ddc
_cEN
_mVAT
_h305.43320954
999 _c26107
_d26107